[Event "Sparkassen-Open A"]
[Site "Heusenstamm, Martinsee"]
[Date "2024.11.23"]
[Round "4.73"]
[White "Henrich, Thomas"]
[Black "Büse, Ralf"]
[Result "0-1"]
[WhiteElo "2085"]
[BlackElo "1889"]
[PlyCount "88"]
[EventDate "2024.11.21"]
[WhiteTeam "SK Marburg 1931/72"]
[BlackTeam "SC Ladja Roßdorf"]

1. e4 e6 2. d4 d5 3. Nc3 Nf6 4. Bg5 dxe4 5. Nxe4 Be7 6. Bxf6 gxf6 7. g3 f5 8. Nc3 Bf6 9. Nf3 c5 10. Ne2 cxd4 11. Nexd4 a6 12. c3 Bd7 13. Qe2 Nc6 14. Nxf5 O-O 15. Nh6+ Kh8 16. Ng4 Bg7 17. O-O-O Qc7 18. Qc2 Rac8 19. Kb1 e5 20. Ne3 Be6 21. Ng5 Bxa2+ 22. Ka1 f5 23. b3 Nb4 24. Qb2 Qxc3 25. Ne6 Bxb3 26. Nxf8 e4 27. Qxc3 Bxc3+ 28. Kb1 Ba2+ 29. Kc1 Be1+ 30. Kb2 Bc3+ 31. Ka3 Rxf8 32. Rd7 Bg8 33. Rxb7 Nd3 34. Bxd3 exd3 35. Rd1 d2 36. Rc7 Ba5 37. Rc5 Bd8 38. Rxf5 Be7+ 39. Ka4 Rd8 40. Re5 Bf6 41. Rf5 Be7 42. Rf4 Rd3 43. Nc4 Bxc4 44. Rxc4 Ra3# 0-1

[Event "Sparkassen-Open A"]
[Site "Heusenstamm, Martinsee"]
[Date "2024.11.23"]
[Round "4.74"]
[White "Stümer, Paul"]
[Black "Steigleder, Maximilian"]
[Result "0-1"]
[WhiteElo "2078"]
[BlackElo "1873"]
[PlyCount "82"]
[EventDate "2024.11.21"]
[WhiteTeam "SV Bergneustadt/Dersch"]
[BlackTeam "Sfr.1932 Kelkheim"]

1. Nf3 c5 2. e3 d5 3. d4 cxd4 4. exd4 Nf6 5. Be2 Nc6 6. h3 h6 7. O-O Bf5 8. Nc3 e6 9. Bf4 Bd6 10. Bxd6 Qxd6 11. Nb5 Qe7 12. a4 O-O 13. c3 Rfc8 14. Re1 Na5 15. Ne5 Ne8 16. Bh5 f6 17. Ng6 Qf7 18. Nf4 g6 19. Bf3 g5 20. Bh5 Qd7 21. Nd3 b6 22. Bg4 Ng7 23. Bxf5 Nxf5 24. Re2 h5 25. Nb4 Kf7 26. Qd3 Rg8 27. Rae1 Rae8 28. g3 Rg7 29. Na6 Nc6 30. Nac7 e5 31. Nxe8 e4 32. Qd1 Kxe8 33. c4 Nh4 34. Rxe4+ dxe4 35. Qxh5+ Ng6 36. Rxe4+ Kf7 37. Qe2 a6 38. d5 Nce5 39. Nd4 Qxh3 40. Qf1 Qh5 41. Qe2 g4 0-1

[Event "Sparkassen-Open A"]
[Site "Heusenstamm, Martinsee"]
[Date "2024.11.23"]
[Round "4.75"]
[White "Müller, Riyanna"]
[Black "Aravindan, Midhulan"]
[Result "0-1"]
[WhiteElo "2049"]
[BlackElo "1870"]
[PlyCount "32"]
[EventDate "2024.11.21"]
[WhiteTeam "SC Landskrone"]
[BlackTeam "Schachgemeinschaft Porz e. V."]

1. e4 e6 2. d4 d5 3. Nd2 dxe4 4. Nxe4 Nf6 5. Bd3 Bd7 6. Nf3 Bc6 7. Ng3 Nbd7 8. O-O Be7 9. c3 O-O 10. Re1 a6 11. Ne5 Nxe5 12. dxe5 Qd5 13. f3 Bc5+ 14. Kh1 Ng4 15. Bxh7+ Kxh7 16. Qxd5 Nf2+ 0-1

[Event "Sparkassen-Open A"]
[Site "Heusenstamm, Martinsee"]
[Date "2024.11.23"]
[Round "4.76"]
[White "Kessler, Georg"]
[Black "Schlößner, Henrik"]
[Result "0-1"]
[WhiteElo "1876"]
[BlackElo "2049"]
[PlyCount "74"]
[EventDate "2024.11.21"]
[WhiteTeam "SC Sulzbach-Rosenberg"]
[BlackTeam "SK Gründau"]

1. Nf3 Nf6 2. c4 g6 3. d4 Bg7 4. Nc3 O-O 5. e4 d6 6. Be2 Nbd7 7. O-O e5 8. Be3 c6 9. d5 c5 10. Ne1 Ne8 11. Nc2 f5 12. f3 f4 13. Bf2 g5 14. b4 b6 15. a4 a5 16. bxc5 bxc5 17. g3 Qf6 18. g4 h5 19. h3 Qg6 20. Kg2 Ndf6 21. Qd3 Ra7 22. Na3 Raf7 23. Be1 Qf5 24. Nab5 Bh8 25. Rh1 Qg6 26. Rf1 Rh7 27. Rh1 Qf7 28. Bd2 Qd7 29. Na2 Rhf7 30. Raf1 hxg4 31. hxg4 Nxg4 32. fxg4 Nf6 33. Rh6 Nxg4 34. Rxd6 Ne3+ 35. Kf2 Qh3 36. Rg6+ Bg7 37. Bxe3 Qg3# 0-1

[Event "Sparkassen-Open A"]
[Site "Heusenstamm, Martinsee"]
[Date "2024.11.23"]
[Round "4.77"]
[White "Vranckx, Oscar"]
[Black "Will, Jonas"]
[Result "1-0"]
[WhiteElo "2025"]
[BlackElo "1869"]
[PlyCount "157"]
[EventDate "2024.11.21"]
[WhiteTeam "Sfr.Mainz 1928"]
[BlackTeam "SV Schott Jena"]

1. e4 e5 2. Nf3 Nc6 3. Bc4 Bc5 4. O-O Nf6 5. d3 h6 6. c3 d6 7. a4 a6 8. b4 Ba7 9. h3 O-O 10. Be3 Bxe3 11. fxe3 Ne7 12. Nbd2 Ng6 13. d4 Qe7 14. Re1 Be6 15. Bxe6 Qxe6 16. d5 Qe7 17. c4 Nh7 18. Nf1 f5 19. exf5 Rxf5 20. Ng3 Rf7 21. Nd2 Qh4 22. Nde4 Nf6 23. Nxf6+ Rxf6 24. Qg4 Qxg4 25. hxg4 Ne7 26. Ne4 Rf7 27. a5 Rd8 28. Red1 Nc8 29. Ra2 Na7 30. Rc2 Kh7 31. c5 Nb5 32. cxd6 cxd6 33. Rdc1 Rff8 34. Kh2 Kg6 35. Ng3 Kh7 36. Nf5 Rd7 37. Rc4 g6 38. Ng3 Kg7 39. Ne4 Rdf7 40. Kg1 Rd7 41. g5 Rdf7 42. R4c2 Re7 43. g4 Rh8 44. Kg2 Rf7 45. Kg3 Re7 46. gxh6+ Kxh6 47. Rh2+ Kg7 48. Ng5 Rxh2 49. Kxh2 Kf6 50. Ne6 Rh7+ 51. Kg2 e4 52. Rc8 Ke5 53. Nf4 g5 54. Re8+ Kf6 55. Nh5+ Kf7 56. Rxe4 Rh8 57. Rc4 Re8 58. Kf3 Re5 59. e4 Re7 60. Ke3 Nc7 61. Kd2 Kg6 62. Rc1 Nb5 63. Ng3 Rh7 64. Nh5 Rf7 65. Ke3 Rf8 66. Ng3 Rh8 67. Rh1 Rc8 68. Nf5 Rc3+ 69. Kd2 Rb3 70. Rh6+ Kf7 71. Rh7+ Ke8 72. Rxb7 Rb2+ 73. Kc1 Rg2 74. Rb6 Rxg4 75. Rxa6 Rxe4 76. Rb6 Rf4 77. Rxb5 Rxf5 78. a6 Rf4 79. Kb2 1-0

[Event "Sparkassen-Open A"]
[Site "Heusenstamm, Martinsee"]
[Date "2024.11.23"]
[Round "4.78"]
[White "Meyer-Jany, Marcel"]
[Black "von Auer, Ulrich"]
[Result "0-1"]
[WhiteElo "1876"]
[BlackElo "2007"]
[PlyCount "86"]
[EventDate "2024.11.21"]
[WhiteTeam "SK Herborn 1946"]
[BlackTeam "SV Oberursel"]

1. d4 Nf6 2. c4 g6 3. Nc3 Bg7 4. e4 d6 5. f3 O-O 6. Bg5 a6 7. Qd2 c5 8. Nge2 Nc6 9. d5 Na5 10. Ng3 b5 11. cxb5 axb5 12. Bxb5 Nb3 13. Qd1 Nxa1 14. Qxa1 Bd7 15. Bc4 h6 16. Be3 Bc8 17. Qc1 h5 18. Bh6 Ba6 19. Bxg7 Kxg7 20. Bxa6 Rxa6 21. Qg5 Nh7 22. Qd2 e5 23. O-O Qg5 24. Qxg5 Nxg5 25. Rf2 h4 26. Nf1 f5 27. Nd2 fxe4 28. fxe4 Rb8 29. Nc4 Nf7 30. Kf1 Nd8 31. Ke2 Nb7 32. Kf3 Rf8+ 33. Ke3 Rxf2 34. Kxf2 Kf6 35. Kf3 Kg5 36. g3 hxg3 37. Kxg3 Na5 38. Na3 Rb6 39. Nab5 Nc4 40. b3 Nd2 41. h4+ Kh5 42. Kf2 Kxh4 43. Ke2 Nb1 0-1

[Event "Sparkassen-Open A"]
[Site "Heusenstamm, Martinsee"]
[Date "2024.11.23"]
[Round "4.79"]
[White "Klein, Deniz"]
[Black "Müller, Mark"]
[Result "0-1"]
[WhiteElo "1874"]
[BlackElo "2000"]
[PlyCount "116"]
[EventDate "2024.11.21"]
[WhiteTeam "SK Kaiserslautern 1905"]
[BlackTeam "SC Königsflügel Lindenholzhausen"]

1. c4 e5 2. g3 Nf6 3. Bg2 d5 4. cxd5 Nxd5 5. Nc3 Nb6 6. Nf3 Nc6 7. O-O Be7 8. a3 a5 9. d3 Be6 10. Be3 O-O 11. Rc1 f6 12. Na4 Nxa4 13. Qxa4 Qd7 14. Qb5 Rfb8 15. Bc5 a4 16. Nd2 Bd6 17. Bxd6 cxd6 18. Bd5 Ra5 19. Bxc6 Rxb5 20. Bxd7 Bxd7 21. Rc2 d5 22. Rfc1 Bc6 23. Nb1 d4 24. Nd2 Kf7 25. Ne4 Ke7 26. Nc5 Ra8 27. e3 dxe3 28. fxe3 f5 29. Kf2 Kd6 30. d4 e4 31. g4 g6 32. Kg3 Bd5 33. gxf5 gxf5 34. b3 axb3 35. a4 Rb4 36. Nxb3 Rxb3 37. Kf4 Ke6 38. Rc7 Rg8 39. h3 Rb2 40. Rf1 h6 41. Rh7 Rg6 42. Rh8 Bc6 43. Rf8 Rh2 44. Rxf5 Rxh3 45. Re5+ Kd6 46. Rf5 Ke6 47. Re5+ Kf7 48. Rf5+ Kg7 49. d5 Bxa4 50. Ke5 Rxe3 51. Rf7+ Kh8 52. Rxb7 Rg5+ 53. Ke6 Rf3 54. Ra1 Be8 55. Ra8 Rf8 56. Rbb8 Rgg8 57. Ke7 e3 58. Ra6 Rf7+ 0-1

[Event "Sparkassen-Open A"]
[Site "Heusenstamm, Martinsee"]
[Date "2024.11.23"]
[Round "4.80"]
[White "Kürschner, Matthias"]
[Black "Jansen, Malte"]
[Result "0-1"]
[WhiteElo "1984"]
[BlackElo "1863"]
[PlyCount "84"]
[EventDate "2024.11.21"]
[WhiteTeam "SK Langen"]
[BlackTeam "SJ Herborn 1998"]

1. e4 e5 2. Bc4 Nf6 3. Nf3 Nc6 4. Ng5 d5 5. exd5 Na5 6. Bb5+ c6 7. dxc6 bxc6 8. Qf3 cxb5 9. Qxa8 Qc7 10. Qf3 Nc6 11. Qd1 h6 12. Nh3 Bxh3 13. gxh3 Nd4 14. c3 Qc6 15. O-O Nf3+ 16. Kh1 Nxd2+ 17. Kg1 Nf3+ 18. Kh1 Bc5 19. b4 Bb6 20. a4 Nd2+ 21. f3 Nxf1 22. Qxf1 a6 23. axb5 axb5 24. Ra6 Nd5 25. Qd3 O-O 26. Bd2 Nc7 27. Ra1 Ne6 28. Na3 Rd8 29. Qe2 Rxd2 30. Qxd2 Qxf3+ 31. Qg2 Qxc3 32. Nc2 Nf4 33. Qe4 g6 34. Ra8+ Kg7 35. Ne1 Nxh3 36. Kg2 Nf4+ 37. Kf1 Bd4 38. Qc2 Qh3+ 39. Ng2 Qf3+ 40. Ke1 Nxg2+ 41. Kd2 Qe3+ 42. Kd1 Qe1# 0-1

[Event "Sparkassen-Open A"]
[Site "Heusenstamm, Martinsee"]
[Date "2024.11.23"]
[Round "4.82"]
[White "Kalepky, Helmut"]
[Black "Spelleken, Mark"]
[Result "0-1"]
[WhiteElo "1951"]
[BlackElo "1748"]
[PlyCount "102"]
[EventDate "2024.11.21"]
[WhiteTeam "Sfr.Heidesheim"]
[BlackTeam "SC Somborn 1933"]

1. e4 c5 2. d3 d6 3. f4 Nc6 4. Nf3 e6 5. Nc3 Qc7 6. g3 g6 7. Bg2 Bg7 8. O-O a6 9. Be3 Nge7 10. Qd2 O-O 11. Rab1 b6 12. Ne2 Bb7 13. c3 Rfd8 14. Qc2 Rac8 15. Rbd1 b5 16. g4 f5 17. h3 d5 18. exf5 d4 19. Bc1 exf5 20. g5 Nd5 21. Nh2 Nce7 22. Rf2 Ne3 23. Bxe3 dxe3 24. Rff1 Bxg2 25. Kxg2 c4 26. d4 Nd5 27. Kg3 h6 28. h4 Re8 29. Rf3 Re4 30. Ng4 hxg5 31. hxg5 Rce8 32. Ne5 Nxf4 33. Rxf4 R8xe5 34. dxe5 Bxe5 35. Rdf1 Qe7 36. Kf3 Bxf4 37. Nxf4 Qxg5 38. Qxe4 fxe4+ 39. Kxe3 Qf5 40. Rf2 g5 41. Ne2 Qh3+ 42. Kd4 Qd7+ 43. Ke5 Qe7+ 44. Kd5 e3 45. Rf5 Kg7 46. Kd4 Qa3 47. Ng3 Qd6+ 48. Kxe3 Qxg3+ 49. Rf3 Qe1+ 50. Kd4 Qd2+ 51. Kc5 Qxb2 0-1

[Event "Sparkassen-Open A"]
[Site "Heusenstamm, Martinsee"]
[Date "2024.11.23"]
[Round "4.83"]
[White "Bezsonna, Polina"]
[Black "Mehlen, Theodor"]
[Result "1-0"]
[WhiteElo "1949"]
[BlackElo "1850"]
[PlyCount "37"]
[EventDate "2024.11.21"]
[WhiteTeam "SK Bad Homburg 1927"]
[BlackTeam "SC Matt im Park Ffm"]

1. e4 c5 2. Nf3 Nc6 3. d4 cxd4 4. Nxd4 e5 5. Nb5 d6 6. c4 Nf6 7. N1c3 a6 8. Na3 g6 9. Nc2 Bg7 10. Bd3 O-O 11. h3 Be6 12. Be3 Nd7 13. Be2 Nf6 14. Qd2 Rc8 15. O-O Qc7 16. Rac1 Nd7 17. Rfd1 Nb6 18. b3 Rcd8 19. Nd5 1-0

[Event "Sparkassen-Open A"]
[Site "Heusenstamm, Martinsee"]
[Date "2024.11.23"]
[Round "4.84"]
[White "Bauer, Laura Sophie"]
[Black "Riedel, Thomas"]
[Result "1-0"]
[WhiteElo "1927"]
[BlackElo "1842"]
[PlyCount "73"]
[EventDate "2024.11.21"]
[WhiteTeam "SK Kelheim 1920"]
[BlackTeam "SC Einrich e.V."]

1. e4 c5 2. Nf3 Nc6 3. d4 cxd4 4. Nxd4 g6 5. c4 Nf6 6. Nc3 Nxd4 7. Qxd4 d6 8. Be2 Bg7 9. Be3 O-O 10. Qd3 Be6 11. O-O Qa5 12. Bd4 Rfc8 13. b3 a6 14. a4 Qb4 15. Rab1 b5 16. axb5 axb5 17. Nxb5 Ra2 18. Bc3 Qc5 19. Ra1 Rca8 20. Rxa2 Rxa2 21. Ra1 Ng4 22. Rxa2 Qxf2+ 23. Kh1 Ne3 24. Ra8+ Bf8 25. Bf3 Bh3 26. Ra2 Qxa2 27. Qxe3 Bd7 28. Nd4 e5 29. Nb5 Bh6 30. Qd3 Qxb3 31. Bd1 Qa2 32. Nxd6 Qf2 33. Qf3 Qc5 34. Qxf7+ Kh8 35. Qf6+ Kg8 36. Bxe5 Qb4 37. Qf7# 1-0

[Event "Sparkassen-Open A"]
[Site "Heusenstamm, Martinsee"]
[Date "2024.11.23"]
[Round "4.85"]
[White "Kolker, Vladislav"]
[Black "Sreeramulu, Aarush"]
[Result "0-1"]
[WhiteElo "1839"]
[BlackElo "1942"]
[PlyCount "58"]
[EventDate "2024.11.21"]
[WhiteTeam "SC Bad Nauheim"]
[BlackTeam "SK Marburg 1931/72"]

1. e4 c6 2. Nf3 d5 3. exd5 cxd5 4. Ne5 Nf6 5. d4 Nc6 6. f4 Qc7 7. c3 Bf5 8. Bd3 g6 9. Bxf5 gxf5 10. O-O e6 11. Nd2 Bd6 12. Ndf3 O-O-O 13. Qa4 Bxe5 14. Nxe5 Ne4 15. Be3 Kb8 16. Rac1 Rhg8 17. c4 Nxe5 18. cxd5 Qb6 19. fxe5 Rxd5 20. Qc4 h5 21. Rxf5 Nd6 22. exd6 Rxf5 23. d7 Qc6 24. Qxc6 bxc6 25. Rxc6 Rd8 26. Rc8+ Rxc8 27. dxc8=Q+ Kxc8 28. d5 Rxd5 29. Bxa7 Rd2 0-1

[Event "Sparkassen-Open A"]
[Site "Heusenstamm, Martinsee"]
[Date "2024.11.23"]
[Round "4.86"]
[White "Rotermund, Verena"]
[Black "Zimmer, Gerald"]
[Result "0-1"]
[WhiteElo "1818"]
[BlackElo "1942"]
[PlyCount "55"]
[EventDate "2024.11.21"]
[WhiteTeam "Vorw.Orient Mainz"]
[BlackTeam "SC Bergen-Enkheim 1922"]

1. e4 e6 2. d4 d5 3. Nc3 dxe4 4. Nxe4 Nd7 5. Bd3 Ngf6 6. Ng3 b6 7. Nf3 Bb7 8. O-O c5 9. c3 Be7 10. Re1 O-O 11. Bd2 Qc7 12. Rc1 Rac8 13. Bb1 Rfd8 14. Ne5 cxd4 15. cxd4 Qd6 16. Rxc8 Rxc8 17. Bg5 h6 18. Bf4 Nd5 19. Qd3 N7f6 20. Nh5 Nxf4 21. Nxf4 Rd8 22. Qg3 Qb4 23. Nfd3 Qxd4 24. Nxf7 Kxf7 25. Ne5+ Kg8 26. Ng6 Bb4 27. Qc7 Qd1 28. Ne7+ 0-1

[Event "Sparkassen-Open A"]
[Site "Heusenstamm, Martinsee"]
[Date "2024.11.23"]
[Round "4.87"]
[White "Spelleken, Hans-Gerd"]
[Black "Merz, Leander"]
[Result "0-1"]
[WhiteElo "1806"]
[BlackElo "1935"]
[PlyCount "62"]
[EventDate "2024.11.21"]
[WhiteTeam "SC Somborn 1933"]
[BlackTeam "Schachforum Darmstadt 1994"]

1. Nf3 Nf6 2. d4 e6 3. Nbd2 d5 4. e3 b6 5. Bd3 Bb7 6. c3 Nbd7 7. O-O c5 8. Re1 Be7 9. Ne5 O-O 10. f4 Ne4 11. Nxd7 Qxd7 12. Qf3 Qc6 13. Nf1 f6 14. Ng3 Rae8 15. f5 e5 16. Nh5 Qd7 17. Bxe4 dxe4 18. Qg4 Bd6 19. Rd1 exd4 20. exd4 e3 21. d5 g6 22. Nf4 Bxf4 23. Qxf4 e2 24. Re1 Qxd5 25. Qf2 g5 26. b4 cxb4 27. cxb4 Re4 28. Bb2 Rfe8 29. a3 Rg4 30. Rxe2 Rxe2 31. Qxe2 Rxg2+ 0-1

[Event "Sparkassen-Open A"]
[Site "Heusenstamm, Martinsee"]
[Date "2024.11.23"]
[Round "4.88"]
[White "Trumpp, Lothar"]
[Black "Schellen, Sven"]
[Result "1-0"]
[WhiteElo "1908"]
[BlackElo "1836"]
[PlyCount "50"]
[EventDate "2024.11.21"]
[WhiteTeam "VSG 1880 Offenbach"]
[BlackTeam "SV Frankfurt Nord 1926"]

1. b3 e5 2. Bb2 Nc6 3. e3 d5 4. Bb5 Bd6 5. f4 Qe7 6. Nf3 Bg4 7. fxe5 Bxe5 8. Bxe5 Bxf3 9. Qxf3 Qxe5 10. Nc3 Nf6 11. Bxc6+ bxc6 12. O-O O-O 13. Qf4 Qe7 14. Rf3 Rab8 15. d3 c5 16. Ne2 Rb4 17. c4 a5 18. Ng3 Qd6 19. Qg5 h6 20. Qh4 Qe5 21. Raf1 Nh7 22. Nf5 Ng5 23. Rg3 dxc4 24. dxc4 Rb6 25. Qf4 Re8 1-0

[Event "Sparkassen-Open A"]
[Site "Heusenstamm, Martinsee"]
[Date "2024.11.23"]
[Round "4.89"]
[White "Berstler, Tobias"]
[Black "Rutsatz, Mario"]
[Result "1/2-1/2"]
[WhiteElo "1790"]
[BlackElo "1932"]
[PlyCount "42"]
[EventDate "2024.11.21"]
[WhiteTeam "SK Bingen"]
[BlackTeam "SC 1961 König Nied"]

1. e4 e6 2. d4 d5 3. exd5 exd5 4. Nf3 Nc6 5. c3 Bf5 6. Bd3 Qe7+ 7. Be3 Bxd3 8. Qxd3 Nf6 9. O-O O-O-O 10. a4 Ne4 11. Re1 Qd7 12. Nbd2 f5 13. Ne5 Nxe5 14. dxe5 Bc5 15. Bxc5 Nxc5 16. Qd4 b6 17. a5 Ne6 18. Qd3 Nc5 19. Qd4 Ne6 20. Qd3 Nc5 21. Qd4 Ne6 1/2-1/2

[Event "Sparkassen-Open A"]
[Site "Heusenstamm, Martinsee"]
[Date "2024.11.23"]
[Round "4.90"]
[White "Schellenberger, Dirk"]
[Black "Köhlich, Viktor"]
[Result "0-1"]
[WhiteElo "1932"]
[BlackElo "1816"]
[PlyCount "88"]
[EventDate "2024.11.21"]
[WhiteTeam "Schachclub Aschaffenburg e.V."]
[BlackTeam "SC Matt im Park Ffm"]

1. b3 d5 2. Nf3 Nf6 3. Bb2 Bf5 4. g3 e6 5. Bg2 h6 6. O-O Be7 7. c4 O-O 8. d3 c5 9. cxd5 exd5 10. Nbd2 Nc6 11. Re1 d4 12. Rc1 Rc8 13. a4 a6 14. Ba3 Nd5 15. Nc4 Nc3 16. Qd2 b5 17. axb5 axb5 18. Nfe5 Na7 19. Ne3 dxe3 20. fxe3 b4 21. Bb2 Bf6 22. Nc4 Nab5 23. Ra1 Nd6 24. Rf1 Nxc4 25. bxc4 Bg4 26. Bf3 Bxf3 27. Rxf3 Ra8 28. Rff1 Qd6 29. Kg2 Qc6+ 30. Kf2 Rxa1 31. Rxa1 Ra8 32. e4 Rxa1 33. Bxa1 Qa6 34. Bxc3 Bxc3 35. Qf4 Qa1 36. Kg2 Be5 37. Qf5 Qb2 38. Qf4 Kh7 39. Qf5+ g6 40. Qxf7+ Bg7 41. h4 Qxe2+ 42. Kh3 b3 43. Qb7 b2 44. e5 Qf1+ 0-1

[Event "Sparkassen-Open A"]
[Site "Heusenstamm, Martinsee"]
[Date "2024.11.23"]
[Round "4.91"]
[White "Carrella, Adriano"]
[Black "Feick, Claas Marten"]
[Result "1-0"]
[WhiteElo "1922"]
[BlackElo "1809"]
[PlyCount "111"]
[EventDate "2024.11.21"]
[WhiteTeam "SC ML Kastellaun"]
[BlackTeam "SF Neuberg"]

1. e4 c6 2. d4 d5 3. exd5 cxd5 4. c4 Nf6 5. Nc3 e6 6. Nf3 Nc6 7. c5 Ne4 8. Bd3 Nxc3 9. bxc3 e5 10. Nxe5 Nxe5 11. Qe2 Qe7 12. dxe5 Qxc5 13. Bb5+ Bd7 14. Bxd7+ Kxd7 15. O-O Qc6 16. Rd1 Rd8 17. c4 Ke8 18. cxd5 Rxd5 19. Rxd5 Qxd5 20. Bg5 Be7 21. Rd1 Qc6 22. Qg4 Qe6 23. Qa4+ Kf8 24. Bxe7+ Qxe7 25. Rd7 Qxe5 26. Qb4+ Ke8 27. Rd1 Qc7 28. Re1+ Kd8 29. Qd4+ Kc8 30. Qxa7 Rd8 31. Qa8+ Kd7 32. Qa3 Kc8 33. Qa8+ Kd7 34. Qa4+ Qc6 35. Qf4 Qd6 36. Qxf7+ Kc8 37. Qxg7 Qd2 38. Qe5 Rd5 39. Qe8+ Rd8 40. Qe6+ Kb8 41. h4 Rf8 42. Qe5+ Ka8 43. Re2 Qd1+ 44. Kh2 Qd4 45. g3 Qa7 46. Qe3 Qa4 47. Qc5 Rd8 48. Re3 Kb8 49. Ra3 Qd1 50. Qa7+ Kc7 51. Rc3+ Kd6 52. Qb6+ Ke7 53. Re3+ Kf7 54. Qe6+ Kf8 55. Qf6+ Kg8 56. Re7 1-0

[Event "Sparkassen-Open A"]
[Site "Heusenstamm, Martinsee"]
[Date "2024.11.23"]
[Round "4.92"]
[White "Rabiya, Karim"]
[Black "Kulenovic, Adnan"]
[Result "1/2-1/2"]
[WhiteElo "1778"]
[BlackElo "1918"]
[PlyCount "79"]
[EventDate "2024.11.21"]
[WhiteTeam "SK Niederbrechen 1948"]
[BlackTeam "Spielgemeinschaft Kinzigtal"]

1. e4 e6 2. d4 d5 3. e5 c5 4. c3 Nc6 5. Nf3 Nh6 6. Bd3 cxd4 7. cxd4 Nf5 8. Bc2 Qb6 9. Bxf5 exf5 10. Nc3 Be6 11. O-O Be7 12. Qe2 O-O 13. Rd1 a6 14. Bf4 Rac8 15. Rac1 Qa7 16. Rd3 Rc7 17. h4 Rfc8 18. Rcd1 b5 19. Bg5 Bb4 20. Qe3 Na5 21. Bf6 gxf6 22. exf6 Kf8 23. Ne5 Nc4 24. Qh6+ Ke8 25. Nxd5 Bxd5 26. Qxh7 Nxe5 27. dxe5 Rc2 28. Qg8+ Bf8 29. Rxd5 Qxf2+ 30. Kh1 Qxh4+ 31. Kg1 Rc1 32. Rd7 Rxd1+ 33. Rxd1 Qh6 34. e6 Qe3+ 35. Kf1 Qf4+ 36. Kg1 Qe3+ 37. Kf1 Qf4+ 38. Kg1 Qe3+ 39. Kf1 Qf4+ 40. Kg1 1/2-1/2

[Event "Sparkassen-Open A"]
[Site "Heusenstamm, Martinsee"]
[Date "2024.11.23"]
[Round "4.93"]
[White "Burkhardt, Jan"]
[Black "Jordake, Michael"]
[Result "1-0"]
[WhiteElo "1916"]
[BlackElo "1787"]
[PlyCount "71"]
[EventDate "2024.11.21"]
[WhiteTeam "Sfr.Mainz 1928"]
[BlackTeam "SC Bergen-Enkheim 1922"]

1. e4 e5 2. Nf3 Nc6 3. Bc4 Nf6 4. Ng5 d5 5. exd5 Nd4 6. c3 Nf5 7. d3 Nd6 8. Bb3 Be7 9. Nf3 e4 10. dxe4 Ndxe4 11. O-O O-O 12. Re1 Bd6 13. Nbd2 Nc5 14. Nf1 Nxb3 15. Qxb3 Nxd5 16. Ng3 Bxg3 17. hxg3 c6 18. c4 Nb6 19. Bg5 Qd7 20. Rad1 Qf5 21. Re5 Qg6 22. Be7 Be6 23. Bxf8 Rxf8 24. Rde1 Bxc4 25. Qa3 Be6 26. Qxa7 Nc4 27. R5e2 Nd6 28. a4 Bc4 29. Ne5 Qe6 30. Nxc4 Qxc4 31. Rd2 Qb4 32. Qd4 Qxd4 33. Rxd4 Nc8 34. a5 Na7 35. Rd7 Nb5 36. Rxb7 1-0

[Event "Sparkassen-Open A"]
[Site "Heusenstamm, Martinsee"]
[Date "2024.11.23"]
[Round "4.94"]
[White "Voss, Georg"]
[Black "Himmelspacht, Maxim"]
[Result "1/2-1/2"]
[WhiteElo "1913"]
[BlackElo "1802"]
[PlyCount "50"]
[EventDate "2024.11.21"]
[WhiteTeam "SV Meschede e. V."]
[BlackTeam "SK 1858 Gießen"]

1. Nf3 e6 2. g3 c5 3. Bg2 Nc6 4. O-O g6 5. d3 Bg7 6. e4 d6 7. a4 Nge7 8. Nfd2 O-O 9. c3 Rb8 10. f4 e5 11. Nc4 Be6 12. Nbd2 d5 13. Nxe5 Nxe5 14. fxe5 Bxe5 15. Nf3 Bg7 16. Qe2 dxe4 17. dxe4 Nc6 18. Bf4 Rc8 19. Rfd1 Qb6 20. Qb5 Rfe8 21. h3 h6 22. Bd6 Bb3 23. Re1 Ne5 24. Bxe5 Bxe5 25. Nxe5 Rxe5 1/2-1/2

[Event "Sparkassen-Open A"]
[Site "Heusenstamm, Martinsee"]
[Date "2024.11.23"]
[Round "4.95"]
[White "Gundel, Julian"]
[Black "Noll, Raphael"]
[Result "0-1"]
[WhiteElo "1912"]
[BlackElo "1748"]
[PlyCount "52"]
[EventDate "2024.11.21"]
[WhiteTeam "SV Königsspringer 1929 Großauhei"]
[BlackTeam "SK Marburg 1931/72"]

1. d4 d5 2. Nf3 Nf6 3. e3 e6 4. b3 b6 5. Bb2 Bb7 6. Bd3 Bd6 7. O-O O-O 8. Nbd2 Nbd7 9. Qe2 Ne4 10. c4 Nxd2 11. Nxd2 dxc4 12. Nxc4 Qg5 13. f4 Qe7 14. Nxd6 cxd6 15. e4 Nf6 16. Ba3 Rfd8 17. e5 Ne8 18. Bb5 Rac8 19. Bxe8 Qxe8 20. Bxd6 Rc3 21. f5 Rdc8 22. Rad1 Rc2 23. Rd2 Ba6 24. Qxa6 Rxd2 25. fxe6 Qxe6 26. Qxa7 Qd5 0-1

[Event "Sparkassen-Open A"]
[Site "Heusenstamm, Martinsee"]
[Date "2024.11.23"]
[Round "4.96"]
[White "Eitel, Luc"]
[Black "Kretner, Georg-Ulrich"]
[Result "1/2-1/2"]
[WhiteElo "1742"]
[BlackElo "1904"]
[PlyCount "106"]
[EventDate "2024.11.21"]
[WhiteTeam "SAbt SV Werder Bremen"]
[BlackTeam "SC Bad Nauheim"]

1. e4 d6 2. d4 Nf6 3. f3 g6 4. c4 Bg7 5. Nc3 O-O 6. Be3 c6 7. Qd2 e5 8. d5 cxd5 9. cxd5 Nbd7 10. g4 Ne8 11. h4 Nc5 12. h5 f5 13. hxg6 hxg6 14. gxf5 gxf5 15. O-O-O fxe4 16. Bxc5 dxc5 17. Nxe4 Nd6 18. Kb1 Bf5 19. Bd3 Nxe4 20. Bxe4 Bxe4+ 21. fxe4 Rf4 22. Qh2 Qg5 23. Nh3 Qf6 24. Nxf4 exf4 25. Qh7+ Kf7 26. Qf5 Qxf5 27. exf5 Bd4 28. Rdf1 Be3 29. Rh7+ Kf6 30. Rxb7 Kxf5 31. d6 Rd8 32. d7 c4 33. Rc7 Ke4 34. Rxc4+ Kd3 35. Rc8 Rxd7 36. Rd1+ Bd2 37. Rc2 Ke2 38. Rh1 f3 39. Rc6 f2 40. Rf6 Rg7 41. Kc2 Be3 42. b4 Rg1 43. Rxf2+ Bxf2 44. Rxg1 Bxg1 45. Kc3 Ke3 46. Kc4 Ke4 47. a4 Ke5 48. Kb5 Kd6 49. Ka6 Kc7 50. a5 Bd4 51. b5 Bc5 52. b6+ axb6 53. axb6+ Bxb6 1/2-1/2

[Event "Sparkassen-Open A"]
[Site "Heusenstamm, Martinsee"]
[Date "2024.11.23"]
[Round "4.97"]
[White "Gieringer, Clemens"]
[Black "Kuckel, Michael"]
[Result "1/2-1/2"]
[WhiteElo "1901"]
[BlackElo "1738"]
[PlyCount "65"]
[EventDate "2024.11.21"]
[WhiteTeam "Sfr.Mainz 1928"]
[BlackTeam "SC Matt im Park Ffm"]

1. e4 c6 2. Nc3 d5 3. Nf3 dxe4 4. Nxe4 Bg4 5. h3 Bxf3 6. Qxf3 Nd7 7. g3 e6 8. Bg2 Ndf6 9. Nxf6+ Nxf6 10. O-O Bd6 11. d3 Qc7 12. b3 Be5 13. Rb1 Nd5 14. Bb2 Bxb2 15. Rxb2 O-O 16. c4 Ne7 17. d4 Nf5 18. Rd1 Ne7 19. Rbd2 Rad8 20. Rd3 b6 21. R1d2 Rd7 22. Qd1 Rfd8 23. Be4 Qc8 24. Kg2 Qc7 25. h4 Qc8 26. a4 a5 27. h5 h6 28. Rf3 c5 29. d5 exd5 30. cxd5 Rd6 31. Rfd3 Nf5 32. Bxf5 Qxf5 33. Kg1 1/2-1/2

[Event "Sparkassen-Open A"]
[Site "Heusenstamm, Martinsee"]
[Date "2024.11.23"]
[Round "4.98"]
[White "Schneider, Till"]
[Black "Pradeep, Harshill"]
[Result "0-1"]
[WhiteElo "1729"]
[BlackElo "1894"]
[PlyCount "100"]
[EventDate "2024.11.21"]
[WhiteTeam "SC Brett vorm Kopp Ffm"]
[BlackTeam "SK Bickenbach"]

1. e4 e5 2. Nf3 Nc6 3. d4 exd4 4. Bc4 Nf6 5. e5 d5 6. Bb5 Ne4 7. Nxd4 Bd7 8. Bxc6 bxc6 9. O-O Bc5 10. f3 Ng5 11. f4 Ne4 12. Be3 Qe7 13. Qd3 Bb6 14. Nc3 Nxc3 15. bxc3 c5 16. Nf5 Bxf5 17. Qxf5 O-O 18. Rf3 g6 19. Qg4 d4 20. Bf2 Qe6 21. f5 Qxe5 22. f6 Rfe8 23. Qh4 Qh5 24. Qf4 dxc3 25. Rh3 Qf5 26. Qh4 h5 27. Rg3 Re4 28. Qh3 Qxh3 29. Rxh3 Rae8 30. Rxc3 c4 31. Kf1 Rf4 32. Rf3 Rxf3 33. gxf3 Re6 34. Bh4 Bd4 35. Rb1 Bxf6 36. Bg3 Ra6 37. Rb4 c3 38. a4 Rb6 39. Rc4 Rb2 40. Ke2 Rxc2+ 41. Kd1 Rd2+ 42. Kc1 Rd3 43. Rxc7 Rxf3 44. Rxa7 h4 45. Bd6 Rf2 46. Be7 Bxe7 47. Rxe7 Rxh2 48. Rc7 Ra2 49. Rc4 h3 50. Rxc3 h2 0-1